000 00851 a2200229 4500
003 Nust
005 20221129141542.0
010 _a 2002511525
020 _a81-297-0043-3
040 _cNust
082 0 4 _a530.12,LIB
100 1 _aLiboff, Richard L.,
_963830
245 1 0 _aIntroductory quantum mechanics /
_cRichard L. Liboff.
246 3 0 _aQuantum mechanics
250 _a4th ed.
260 _aSan Francisco :
_bAddison-Wesley,
_cc2003.
300 _axvii, 878 p
_bill. ;
_c25 cm.
505 _a Part I: Elementary Principles and Applications to Problems in one Dimension (Page-1), Part II: Further Developments of the Theory and Applications to Problems in Three Dimensions (Page-347).
650 0 _aQuantum theory.
_9177
856 4 1 _3Table of contents
_uhttp://www.loc.gov/catdir/toc/fy034/2002511525.html
942 _2ddc
_cBK
_k530.12,LIB
999 _c180904
_d180904